000 00426cam a2200145 4500500
005 20251012021547.0
041 _afre
042 _adc
100 1 0 _aDecleire, Vincent
_eauthor
245 0 0 _aL’écoute musicale
260 _c2022.
500 _a12
786 0 _nChristus | º276 | 4 | 2022-10-01 | p. 88-94 | 0009-5834
856 4 1 _uhttps://shs.cairn.info/revue-christus-2022-4-page-88?lang=fr&redirect-ssocas=7080
999 _c1538707
_d1538707